Jeremy's Top 10 Music Artists by Year - Statistics

General Stats
  • This quiz has been taken 12 times
  • The average score is 11 of 44
Answer Stats
Year Answer % Correct
2023 Taylor Swift
82%
2022-25 Morgan Wallen
55%
2018-22 Red
55%
2024 Tyler, The Creator
55%
2022-25 Zach Bryan
55%
2020-24 Bring Me the Horizon
45%
2021-24 Thrice
45%
2023 Deftones
36%
2020 Green Day
36%
2020 NF
36%
2024-25 Noah Kahan
36%
2021-22 Randall King
36%
2021-25 Turnpike Troubadours
36%
2024-25 Dylan Gossett
27%
2023, 25 Modest Mouse
27%
2020 My Chemical Romance
27%
2023-24 Radiohead
27%
2025 Sam Barber
27%
2018-20 Thousand Foot Krutch
27%
2025 Treaty Oak Revival
27%
2020-21, 24-25 Twenty One Pilots
27%
2021 Cody Johnson
18%
2022 I Prevail
18%
2020-21 Linkin Park
18%
2021 Parker McCollum
18%
2018 Sidewalk Prophets
18%
2018-20 Skillet
18%
2018-19 Ashes Remain
9%
2023 brakence
9%
2018-19 Decyfer Down
9%
2018 Fireflight
9%
2025 Jack Van Cleaf
9%
2022 Machine Gun Kelly
9%
2019 Manafest
9%
2021 Rise Against
9%
2020 Slipknot
9%
2018 Tenth Avenue North
9%
2018 The Afters
9%
2022 The Gaslight Anthem
9%
2018 The Letter Black
9%
2019 Three Days Grace
9%
2019 Daughtry
0%
2019 Nine Lashes
0%
2019 We As Human
0%
No matching quizzes found
Score Distribution
Percent of People with Each Score
Percentile by Number Answered
Your Score History
You have not taken this quiz